<?xml version="1.0" encoding="UTF-8"?><?xml-stylesheet type="text/xsl" href="static/style.xsl"?><OAI-PMH xmlns="http://www.openarchives.org/OAI/2.0/" xmlns:xsi="http://www.w3.org/2001/XMLSchema-instance" xsi:schemaLocation="http://www.openarchives.org/OAI/2.0/ http://www.openarchives.org/OAI/2.0/OAI-PMH.xsd"><responseDate>2026-06-29T21:02:54Z</responseDate><request verb="GetRecord" identifier="oai:riubu.ubu.es:10259/8018" metadataPrefix="marc">https://riubu.ubu.es/oai/request</request><GetRecord><record><header><identifier>oai:riubu.ubu.es:10259/8018</identifier><datestamp>2023-11-16T01:05:23Z</datestamp><setSpec>com_10259_4734</setSpec><setSpec>com_10259_5086</setSpec><setSpec>com_10259_2604</setSpec><setSpec>com_10259_4415</setSpec><setSpec>com_10259_3989</setSpec><setSpec>com_10259.4_106</setSpec><setSpec>com_10259_7906</setSpec><setSpec>col_10259_4735</setSpec><setSpec>col_10259_4416</setSpec><setSpec>col_10259_8017</setSpec></header><metadata><record xmlns="http://www.loc.gov/MARC21/slim" xmlns:doc="http://www.lyncode.com/xoai" xmlns:xsi="http://www.w3.org/2001/XMLSchema-instance" xmlns:dcterms="http://purl.org/dc/terms/" xsi:schemaLocation="http://www.loc.gov/MARC21/slim http://www.loc.gov/standards/marcxml/schema/MARC21slim.xsd">
<leader>00925njm 22002777a 4500</leader>
<datafield tag="042" ind1=" " ind2=" ">
<subfield code="a">dc</subfield>
</datafield>
<datafield tag="720" ind1=" " ind2=" ">
<subfield code="a">Santamaría Vázquez, Montserrat</subfield>
<subfield code="e">author</subfield>
</datafield>
<datafield tag="720" ind1=" " ind2=" ">
<subfield code="a">Guijo Blanco, Valeriana</subfield>
<subfield code="e">author</subfield>
</datafield>
<datafield tag="720" ind1=" " ind2=" ">
<subfield code="a">Puente Martínez, Alicia</subfield>
<subfield code="e">author</subfield>
</datafield>
<datafield tag="720" ind1=" " ind2=" ">
<subfield code="a">Ubillos Landa, Silvia</subfield>
<subfield code="e">author</subfield>
</datafield>
<datafield tag="260" ind1=" " ind2=" ">
<subfield code="c">2023-04</subfield>
</datafield>
<datafield tag="520" ind1=" " ind2=" ">
<subfield code="a">To evaluate the psychometric properties of the Spanish version of the Activities Scale for Kids capability (ASKc) and ASK performance (ASKp) questionnaires. It includes an analysis of different types of reliability (internal consistency, test–retest, inter-rater, Rasch model) and validity (convergent and discriminant) values. The sample was recruited in schools, associations and one hospital in Spain.</subfield>
</datafield>
<datafield tag="024" ind2=" " ind1="8">
<subfield code="a">2044-6055</subfield>
</datafield>
<datafield tag="024" ind2=" " ind1="8">
<subfield code="a">http://hdl.handle.net/10259/8018</subfield>
</datafield>
<datafield tag="024" ind2=" " ind1="8">
<subfield code="a">10.1136/bmjopen-2022-069248</subfield>
</datafield>
<datafield tag="024" ind2=" " ind1="8">
<subfield code="a">2044-6055</subfield>
</datafield>
<datafield tag="245" ind1="0" ind2="0">
<subfield code="a">Psychometric properties of the Spanish version of the Activities Scale for Kids (ASK): reliability, validity and the Rasch model</subfield>
</datafield>
</record></metadata></record></GetRecord></OAI-PMH>